1213 1673 1706 1260 1710 1600 1081 1188 1673 1947 1554 1022 1495 1764 1830 1543 1293 1351 1210 1639 1555 1037 1479 1300 1042 1401 1202 1555 1410 1086 1679 1282 1845 1972 1244 1976 1849 1435 1239 1480 1983 1879 1303 1883 1753 1953 1598 1404 1868 1498 1987 1910 1486 1162 1080 1006 1523 1248 1319 1540 1099 1503 1727 1139 1282 1706 1110 1103 1961 1321 1909 1104 1214 1257 1483 1605 1289 1278 1015 1611 1054 1567 1933 1761 1936 1936 1411 1274 1392 1157 1329 1456 1871 1634 1151 1183 1562 1370 1420 BCNSPRNW ULIB Ver.6.0+V

เปลี่ยนเป็นภาษาไทย

Change to English
 แสดงรายละเอียดบรรณานุกรม
  กลับหน้าหลัก

Brief Record : Get Marc (ISO 2709) : E-mail record : QR code < ปิดหน้าต่าง
LEADER : 00000nam 2200000uu 4500
001    13399121314
003     ULIB
008    020711s2550 th a 000 0 tha d
020    9789749935194
090    นว.^bป338ป
100    ประภัสสร เสรกุล
245    ประตูสองบาน บานหนึ่งดึง บานหนึ่งผลัก/^cประภัสสร เสรกุล
250    พิมพ์ครั้งที่ 1
260    กรุงเทพฯ :^bอรุณ,^c2550
300    436 หน้า
945    ^p340^l0^i15040
999    ^aกัณชพร
รายการนี้ยังไม่มีแท็ก
คุณยังไม่ได้ล็อกอิน คุณสามารถมีกิจกรรมร่วมกับเว็บไซต์ได้ แต่ต้องล็อกอินก่อน ::
  ล็อกอิน

รายการสื่อสารสนเทศ

ลำดับที่ ประเภท เลขเรียก/บาร์โค้ด สถานที่ สถานะ
1. วิทยาศาสตร์การแพทย์ และสุขภาพ
วิทยาศาสตร์การแพทย์ และสุขภาพ
นว. ป338ป  
  Barcode: 15040
ห้องสมุดวิทยาเขตสวรรค์ประชารักษ์
►นวนิยาย
บนชั้น
  ขอยืม

BibComment


ยังไม่เคยถูกคอมเมนท์

คอมเมนท์ทรัพยากรรายการนี้
  คอมเมนท์: ประตูสองบาน บานหน..


 Copyright 2026. Bcnsprnw @Library